Non-domestic real estate climate change model (Record no. 114579)

MARC details
000 -LEADER
fixed length control field 01435cad a22002295a 4500
001 - CONTROL NUMBER
control field L157080
008 - FIXED-LENGTH DATA ELEMENTS--GENERAL INFORMATION
fixed length control field 120829s2012 xxk f 000 0 eng d
020 ## - INTERNATIONAL STANDARD BOOK NUMBER
International Standard Book Number 9781842198179
035 ## - SYSTEM CONTROL NUMBER
System control number (Sirsi) u157080
041 0# - LANGUAGE CODE
Language code of text/sound track or separate title eng
100 1# - MAIN ENTRY--PERSONAL NAME
Personal name Roberts, Gareth
245 00 - TITLE STATEMENT
Title Non-domestic real estate climate change model
Remainder of title quantifying the sensitivity of carbon emissions and operating costs to regional climatic impacts
Medium [electronic resource]
260 ## - PUBLICATION, DISTRIBUTION, ETC.
Place of publication, distribution, etc. London
Name of publisher, distributor, etc. RICS
Date of publication, distribution, etc. 2012
490 #0 - SERIES STATEMENT
Series statement RICS Research
520 ## - SUMMARY, ETC.
Summary, etc. This research looks at how to quantify and predict the impacts of climate change on UK and European property. Specifically, it set out to: establish the effects of external temperature rises on carbon emissions from the UK commercial real estate sector; establish trends for the different use classes; identify the building-specific and locational characteristics that determine building-related emissions; assess the importance of the behavioral aspects of climate change; explore the impacts of time effects on building-related emissions; establish a business case for the mandatory roll out of Display Energy Certificates across all sectors.
651 #4 - SUBJECT ADDED ENTRY--GEOGRAPHIC NAME
Geographic name United Kingdom
Chronological subdivision
690 ## - LOCAL SUBJECT ADDED ENTRY--TOPICAL TERM (OCLC, RLIN)
Topical term or geographic name as entry element Energy
9 (RLIN) 6237
700 1# - ADDED ENTRY--PERSONAL NAME
Personal name Dwyer, Patrick
700 1# - ADDED ENTRY--PERSONAL NAME
Personal name Taylor, June
856 40 - ELECTRONIC LOCATION AND ACCESS
Uniform Resource Identifier <a href="https://www.rics.org/Global/Real_Estate_Climate_Change_140312_dwl_aj.pdf">https://www.rics.org/Global/Real_Estate_Climate_Change_140312_dwl_aj.pdf</a>
Public note View the main report free of charge at www.rics.org
942 ## - ADDED ENTRY ELEMENTS (KOHA)
Suppress in OPAC 0
Holdings
Withdrawn status Lost status Source of classification or shelving scheme Damaged status Not for loan Home library Current library Shelving location Date acquired Total Checkouts Full call number Barcode Date last seen Copy number Price effective from Koha item type
    Dewey Decimal Classification     London London RICS Boxes 09/01/2013   RICS 2012/26 30075070 06/08/2019 1 06/08/2019 Book
    Dewey Decimal Classification     Virtual Virtual Online 29/08/2012   ONLINE PUBLICATION 157080-2001 06/08/2019 1 06/08/2019 Book